=LDR 00000nam 2200000 4500 =001 000194 =020 $9786027542471 =082 $633.100 =245 $$a Seri budidaya tanaman jagung =250 $Cetakan II =264 $Depok: ONCOR Semesta Ilmu 2023 =300 $viii, 46 halaman; 21 cm. =650 $Tanaman Ladang =905 $633.1 SER =336 $$a =337 $$a =338 $$a =005 20260702151432.0 =008 260702s2026\\\\\\\\\\\\\\\\\\\\\\\\\\\\\\\\\\\\\\\\\